| 000 | 00731nam a22002057a 4500 | ||
|---|---|---|---|
| 005 | 20100810105246.0 | ||
| 010 | _aENG-99327 | ||
| 020 |
_a9788190720144 _c25.00 |
||
| 035 | _aEN-82859 | ||
| 037 | _bDBAD/PUB | ||
| 082 | _a634 | ||
| 100 |
_aJaganathan, C. _99777 |
||
| 245 |
_aThe early history of social forestry in Thiruvannamalai district / _cby C. Jaganathan |
||
| 260 |
_aVellore _bAnbu Nilayam _c2008 |
||
| 270 |
_a11, Punniyakotti Nagar, Salavanpet _bVellore _e632001 |
||
| 300 |
_axii,51p. _c22cm (pbk) _eb&w photos |
||
| 500 | _aIncludes bibliographical references | ||
| 942 |
_2ddc _cEN _h634 _mJAG |
||
| 999 |
_c40511 _d40511 |
||